00996nam a2200241 a 450000100100000000500170001000800410002704000250006804100400009308200170013310000380015024500720018826000310026030000210029149000800031250400740039265000190046670000350048583000870052004900090060795201210061699900170073700002117220200930011244.0100901s1905 sp r 000 0 spa d aDO-SdBNPbspacBNPHU17aspah[fre]2Código de idioma MARC a153.1bB588m1 aBiervliet, Jules-Jean Van,94426113aLa memoria /cJ. J. Van Biervliet ; traducido por Martín Navarro. aMadrid :bEl Zorro,c1905. a404 p. ;c19 cm.1 aBiblioteca internacional de Psicología experimental normal y patológica aIncluye referencias bibliográficas y notas al pie de las páginas. 4aMemoria9408521 aNavarro, Martín,etr.944262 0aBiblioteca internacional de Psicología experimental normal y patológica944263 aBNGR 001052708MOaGRbGRcCTd2010-09-01iLF1l0o153.1 B588mp21172-10r2020-06-25w2020-06-25y2ZPréstamo interno c20673d20673